States of the USA - Statistics

General Stats
  • This quiz has been taken 45 times
  • The average score is 47 of 50
Answer Stats
State % Correct
Alabama
100%
California
97%
Florida
97%
Georgia
97%
Indiana
97%
Kentucky
97%
New York
97%
West Virginia
97%
Wisconsin
97%
Alaska
95%
Arizona
95%
Arkansas
95%
Colorado
95%
Iowa
95%
Kansas
95%
Louisiana
95%
Maine
95%
Mississippi
95%
New Jersey
95%
Ohio
95%
Pennsylvania
95%
South Dakota
95%
Vermont
95%
Virginia
95%
Wyoming
95%
Connecticut
92%
Delaware
92%
Hawaii
92%
Maryland
92%
Massachusetts
92%
Michigan
92%
Missouri
92%
New Hampshire
92%
North Dakota
92%
Oregon
92%
South Carolina
92%
Texas
92%
Utah
92%
Washington
92%
Idaho
90%
Illinois
90%
Nebraska
90%
Nevada
90%
North Carolina
90%
Rhode Island
90%
Minnesota
87%
Montana
87%
New Mexico
87%
Tennessee
87%
Oklahoma
85%
No matching quizzes found
Score Distribution
Percent of People with Each Score
Percentile by Number Answered
Your Score History
You have not taken this quiz